MDQL
is popping MORE tags! Check the
thread
!
Quizzes
Events
Quiz Creation
Community
Videos
Private Events
Remove Ads
Sign In
Join for FREE
Feedback
Dark Mode
Quiz Categories
Sports
Geography
Music
Movies
Television
Just For Fun
Miscellaneous
History
Literature
Language
Science
Gaming
Entertainment
Religion
Holiday
For Kids
Quiz Lab
Recent
Popular Today
Quiz Kudos Today
Editor Picks
Curator Picks
Quizzes by...
Day
Popularity
Type
Ratings
Length
Year
Community
Subscriptions
Recent Discussions
Orange Saloon
Badges
Playlists
Quests
Create
Leaderboards
Showdown
Live 5
Trivia Bingo
Activity
Puzzle Library
Sporcle Events
Private Events
Virtual Trivia
Globe League
Become a Host
Pub Owners
SporcleCon
Opinionation
Our Games
Videos
Blog
Mobile Apps
Partnerships
Remove Ads and Go Orange
Feedback
Sports
Athletes
MLB
NBA
NHL
NFL
Soccer
Sports Teams
WWE
NCAA
Football
Premier League
Basketball
Baseball
Hockey
Golf
Tennis
Cricket
Rugby
Auto Racing
Olympics
World Cup
Sports
Athletes
MLB
NBA
NHL
NFL
Soccer
Sports Teams
WWE
NCAA
Football
Premier League
Basketball
Baseball
Hockey
Golf
Tennis
Cricket
Rugby
Auto Racing
Olympics
World Cup
Random Quiz
Search Sporcle
×
Quiz Lab
Quiz Lab
Sports
Premier League
Type answers that appear on an image
Type answers that appear on an image
Map
Best Score? Go Orange.
2015-16 Pixelated Premier League Managers Stats
Can you name the 2015-16 Pixelated Premier League Managers (that started the season)?
By
eltonunited
10m
20 Questions
127 Plays
127 Plays
127 Plays
Comments
Comments
Give Quiz Kudos
Give Quiz Kudos
-
- Ratings
hide this ad
More Info
Replay
Link that replays current quiz
Next Quiz
Link to next quiz in quiz playlist
You Got
0%
They Got
Avg Score
81%
Avg Friend Score
Upgrade to see
Score Distribution
Jump to the score distribution portion of the page
Score
0/20
Timer
10:00
0
Plays Today
% Correct
Arsene Wenger
100%
Jose Mourinho
96.9%
Manuel Pellegrini
93.7%
Louis van Gaal
93.7%
Mauricio Pochettino
92.1%
Claudio Ranieri
91.3%
Slaven Bilic
89%
Tony Pulis
87.4%
Alan Pardew
87.4%
Brendan Rodgers
87.4%
% Correct
Roberto Martinez
86.6%
Mark Hughes
85%
Ronald Koeman
81.1%
Eddie Howe
79.5%
Tim Sherwood
78%
Garry Monk
73.2%
Steve McClaren
60.6%
Dick Advocaat
60.6%
Alex Neil
57.5%
Quique Flores
53.5%
Quiz Playlist
Details
Report
Send in Message
Add To Playlist
More Info:
All credit goes to the artist Sakiroo Choi Sakiroo.com
Map:
Type answers that appear on an image
Quiz Source
Last Updated: Sep 23, 2019
Quiz Scoreboard
CHALLENGE
Sign Up to Join the Scoreboard
Show All
Scores
Hide
Comments
May contain spoilers
Recently Published
Image Sorting: Flags VI
by Barbecue
Geography
2m
Find the 'City' Movie
by crazypaving
Movies
60s
Colored Red Africa Blitz
by spor1
Geography
45s
More to Explore
Quiz From the Vault
Featured Blog Post
14 Easter Pick-up Lines to Find Eggs With
hide this ad
You Might Also Like...
Tags
Football Quiz
Premier League Quiz
Soccer Quiz
English Soccer
Today's Top Quizzes in Sports
Browse Sports
hide this ad
Today's Top Quizzes in Premier League
Browse Premier League
Top Contributed Quizzes in Sports
1
Les meilleurs buteurs des matchs entre le PSG et l’OM
2
Les entraîneurs de l'OM et du PSG au 21e siècle
3
2022 World Cup Stars
4
Les joueurs passés par le PSG et l'OM
5
Players with Multiple 50 Home Run Seasons
6
Criteria MLB: Left Handed Sluggers
7
FIFA Club World Cup Champions
8
Les joueurs passés par le LOSC et le RC Lens
9
NBA Logic Puzzle 2.0
10
Top 10 NHL Goal Scorers of All Time
Explore More
Trending Topics
Harry Potter
Anime
Marvel
Disney
NBA
Kpop
Crossword
NFL
WWE
Pokémon
Song
Puzzle
The Office
Soccer
Country
hide this ad
More By:
eltonunited
Quiz
Plays
Rating
Category
Featured
Created
FIFA 07-22; Goalkeepers With 85+ Overall Ability
1,798
5.00
Sports
Nov 2, 2021
FIFA 07-22; Fullbacks With 85+ Overall Ability
1,115
5.00
Sports
Nov 3, 2021
FIFA 07-22; Centerbacks With 85+ Overall Ability
1,017
5.00
Sports
Nov 4, 2021
FIFA 07-22; U21 With 90+ Potential
910
4.67
Sports
Nov 1, 2021
60 Top Strikers in Football History (Bleacher)
902
5.00
Sports
Jun 27, 2018
Go to Creator's Profile
Score Distribution
Quiz Creator Spotlight
eltonunited
Follow
Send a Message
Quizzes Created
-
Created Quiz Play Count
-
More By This Creator
Popular Quizzes Today
1
Colored Red Africa Blitz
2
Find the US States - No Outlines Minefield
3
Find the 'City' Movie
4
5x2 Blitz: Bands
5
The Countries of the World
6
Find the US States
7
Find the Countries of Europe - No Outlines Minefield
8
US States
More Sports Quizzes
Group Clicking: Sports Teams
Published
Trending Quizzes
Colored Red Europe Blitz I
Colored Red Africa Blitz II
Colored Red Europe Blitz II
Colored Red Africa Blitz III
Colored Red Europe Blitz III
Recently Updated
How Do You Spell That?
pecheneg
Godzilla Movies
pecheneg
Grab Bag: 4-10 Letters
pecheneg
2024 March Madness Bracket
pecheneg
Famous TV Couples
Peacemaker
Champions League XIs: Real Madrid
pecheneg
Largest US Cities 1790-2010
pecheneg
Rides in Walt Disney World
pecheneg
Most Oscar Losses (Acting)
pecheneg
Beyoncé Albums
pecheneg
Trending Topics
Kpop
NBA
Disney
Crossword
Anime
Harry Potter
Marvel
Pokémon
WWE
NFL
Puzzle
Soccer
Country
Song
The Office
Your Account Isn't Verified!
In order to create a playlist on Sporcle, you need to verify the email address you used during registration. Go to your
Sporcle Settings
to finish the process.
Report this User
Report this user for behavior that violates our
Community Guidelines
.
Details:
Send Report
Go to the Sporcle.com Mobile Site →
Comments